نذير الشؤم / (رقم التسجيلة. 93924)

تفاصيل مارك
000 -الفاتح
عناصر البيانات ثابتة الطول 00788cam a2200205 i 4500
005 - تاريخ ووقت آخر معاملة
حقل ضبط 20251201092609.0
008 - عناصر البيانات ثابتة الطول
عناصر البيانات ثابتة الطول 250721s2002 ua gr 000 0 ara d
020 ## - الترقيم الدولي المعياري للكتب (ردمك)
الترقيم الدولي المعياري للكتب (ردمك) 9771705979
100 1# - مدخل رئيسي – اسم شخصي
الاسم الشخصي إبراهيم، خالد إسماعيل
علاقة الشخص بالعمل/ دوره مؤلف.
245 10 - بيان العنوان
العنوان نذير الشؤم /
بيان المسؤولية خالد إسماعيل إبراهيم
264 31 - بيانات النشر، التوزيع…إلخ
مكان النشر، التوزيع...إلخ القاهرة :
اسم الناشر، الموزع...إلخ دار الكتب المصرية،
تاريخ النشر، التوزيع...إلخ 2002.
300 ## - الوصف المادي
عدد الوحدات المكونة للوعاء 250 صفحة.
490 0# - بيان السلسلة
عنوان السلسلة ما يواجهه العالم الآن في القرآن الكريم.
650 17 - مدخل إضافي بالموضوع - مصطلح موضوعي
مصطلح موضوعي أو اسم جغرافي كعنصر مدخل التفسير.
650 17 - مدخل إضافي بالموضوع - مصطلح موضوعي
مصطلح موضوعي أو اسم جغرافي كعنصر مدخل القرآن الكريم.
650 17 - مدخل إضافي بالموضوع - مصطلح موضوعي
مصطلح موضوعي أو اسم جغرافي كعنصر مدخل فقه القرآن الكريم.
830 #0 - مدخل إضافي بالسلسلة-عنوان مقنن
عنوان السلسسلة ما يواجهه العالم الآن في القرآن الكريم.
942 ## - بيانات إضافية (كوها)
نوع التنصيف Dewey Decimal Classification
نوع المادة (كوها) كتب
المقتنيات
حالة السحب حالة الفقدان مصدر التصنيف حالة التلف غير قابل للإعارة المكتبة الرئيسية المكتبة الحالية موقع الرف تاريخ التزويد الرقم المتسلسل Total Checkouts رقم الإستدعاء الباركود تاريخ آخر ظهور تاريخ الفاتورة نوع المادة (كوها)
    Dewey Decimal Classification     المكتبة المركزية المكتبة المركزية الإعارة 28/07/2025 619166   212 / ا ب ر 619166 28/07/2025 28/07/2025 كتب
    Dewey Decimal Classification     مكتبة الراية الهاشمية للأطفال مكتبة الراية الهاشمية للأطفال الأطفال 20/10/2015       PLD00357522 28/07/2025 20/10/2015 كتب
Implemented & Customized by: BBB with SCIT (Smart Chains for Information Technology)

Powered by Koha